000
00214 a2200109 4500
020
_a
1572574607
041
_a
spa
100
_a
Lawrence, Lucy
245
_a
Mis zapatillas de baile
942
_c
BK
999
_c
29702
_d
29700
999
_d
29700